000 00488nam a2200181Ia 4500
005 20250326124025.0
008 250326s9999 xx 000 0 und d
037 _aTextbook
040 _aFMSL
_beng
_cFMSL
041 _aeng
_2eng
084 _aXogB28 L8
_qFMSL
100 _aTheil H
245 0 _aIntroduction to economics
_cTheil H
260 _aNew Jersey
_bNew Jersey, Prentice-Hall
_c1978
300 _a447p
942 _cTB
_hXogB28 L8
999 _c1271940
_d1271940